Magántőkét vonnának be a cégbe a város lakosai elégedetlenek a szemétlehordással, sok panasz érkezik a közterület-fenntartó vállalatra

Bibliographic Details
Format: Article
Language:Hungarian
ISSN:1335-7050
Subjects:

MARC

LEADER 00000nab a2200000 a 4500
001 vtls009184806
003 SK-MaSNL
005 20260318140724.0
008 080215 20080215xo | | | |00 0 hun
038 |a NZKAB 
040 |a NZKAB  |b slo  |c NZKAB  |e AACR2 
041 0 |a hun 
044 |a xo  |c SK 
080 |a 351.777.61  |2 2001 
080 |a 628.4.032  |2 2001 
245 0 0 |a Magántőkét vonnának be a cégbe  |b a város lakosai elégedetlenek a szemétlehordással, sok panasz érkezik a közterület-fenntartó vállalatra  |c [szerző] (buch) 
600 1 7 |a Dávid, Tünde  |x poslankyňa MsZ  |z Štúrovo  |2 nzkab  |9 1135610 
610 1 7 |a Štúrovo (Slovensko).  |b Mestský úrad  |2 nzkab  |9 223947 
648 7 |a 2008  |2 nzkab  |9 317238 
650 0 7 |a likvidácia odpadu  |x nespokojnosť  |2 nzkab  |9 1135611 
650 0 7 |a domový odpad  |x likvidácia  |2 nzkab  |9 1043922 
651 7 |a Štúrovo (Slovensko)  |2 nzkab  |9 27957 
773 0 |t Új Szó  |g Évf. 61, sz. 39 (15.2.2008), o. 5  |x 1335-7050 
852 |a NZKAB  |b KIS3GCP 
958 |a RG 
999 |c 1917513  |d 1919443